00802pam a22002054a 4500020004000000040000800040082002600048100002300074245003200097260003700129300003300166650002300199650002300222856006400245856005700309856005900366942000700425999001700432952014700449 a0071444513 (hardcover : alk. paper) cDLC00a658 HIL 2005 A046 Or.1 aGoncalves, Marcus.10aManaging virtual projects / aNew York :bMcGraw-Hill,cc2005. axx, 443 p. :bill. ;c24 cm. 0aProject management 0aProject management42uhttp://www.loc.gov/catdir/description/mh051/2004015434.html42uhttp://www.loc.gov/catdir/bios/mh051/2004015434.html41uhttp://www.loc.gov/catdir/toc/ecip0419/2004015434.html cEK c13580d13580 0010406658_000000000000000_HIL_2005_A046_OR70964676aLBAbLBAcA046d2017-08-28o658 HIL 2005 A046 Or.pA19824r2017-08-28w2017-08-28yEK